000 00647nam a2200265Ia 4500
005 20260121170701.0
008 008 260114s9999 xx 000 0 eng d
020 _a9783319946795
037 _aEBOOK
040 _aCRL
040 _beng
040 _cCRL
041 _2eng
041 _aeng
084 _qCRL
100 _aCarol A. Shepherd
_91066903
245 0 _aBisexuality and the Western Christian Church
260 _bSpringer
260 _bSpringer
260 _c2019
856 _uhttps://link.springer.com/openurl?genre=book&isbn=978-3-319-94679-5
942 _cEBOOK
999 _c1632633
_d1632633